Problemas sobre cálculo de una variable: elementos y teoría

Bewaard in:
Bibliografische gegevens
Hoofdauteur: Maron, I. A. (autor)
Formaat: Boek
Taal:Spaans
Gepubliceerd in: Madrid Paraninfo 1975
Onderwerpen:
Tags: Voeg label toe
Geen labels, Wees de eerste die dit record labelt!

MARC

LEADER 00000nam a2200000 a 4500
001 UCQ9984
003 CL-VaPUC
008 990128e19750000SP |||||||||||||||||spa|d
082 0 4 |a 515  |b MAR  |2 21 
100 |a Maron, I. A.  |e autor  |9 566266 
245 1 0 |a Problemas sobre cálculo de una variable: elementos y teoría 
300 |a 495 p 
942 |c BK 
945 |d 19990128 00:00:00  |a crobeson 
260 |a Madrid  |b Paraninfo  |c 1975 
650 0 |a Cálculo  |9 260234 
650 0 |a Análisis matemático   |9 260146 
650 7 |a DERIVACION DE FUNCIONES  |2 CL-VaPUC  |9 424710 
650 0 |a Cálculo diferencial   |9 260102 
650 0 |a Integrales   |9 260233 
583 |a last modification  |c 19990128 00:00:00  |k Rodrigo Vera 
999 |c 278872  |d 278870 
952 |0 0  |1 0  |4 0  |6 515_000000000000000_MAR_1975  |7 0  |8 A  |9 317674  |a BIBMAT  |b BIBMAT  |d 2019-11-20  |i 131999K  |o 515 MAR 1975  |p 131999K  |r 2025-01-07  |w 2019-11-20  |y BK  |k MAT